000 00882cam a2200229 4500
001 X113344
008 000000n2001 000 0 eng u
035 _a(Sirsi) u113344
100 _aAtkinson, J.
245 _aSir Robert McAlpine looking healthy
260 _c2001
490 _aContract Journal
_v409(6332) 20 June 2001, 22-23(2)
520 _aGives the results the CJ50 new orders survey, showing that new orders in May 2001 were £463m down on the previous month and £511m lower than in May 2000. Includes rankings for traditional contracts, management contracts, the year to May 2001 and by region.
650 _aCJ50
650 _aCONSTRUCTION INDUSTRY
650 _aCONTRACTORS
650 _aCONSTRUCTION ORDERS
650 _aMANAGEMENT CONTRACTS
650 _aDBERR NEW CONSTRUCTION ORDERS
690 _aBUILT ENVIRONMENT-CONSTRUCTION MARKET
942 _n0
999 _c67524
_d67524